Razzle Dazzle Unicorn : (Record no. 9261)
[ view plain ]
| 000 -LEADER | |
|---|---|
| fixed length control field | 01065nam a22002417a 4500 |
| 003 - CONTROL NUMBER IDENTIFIER | |
| control field | OSt |
| 005 - DATE AND TIME OF LATEST TRANSACTION | |
| control field | 20260318041341.0 |
| 008 - FIXED-LENGTH DATA ELEMENTS--GENERAL INFORMATION | |
| fixed length control field | 260318b |||||||| |||| 00| 0 eng d |
| 020 ## - INTERNATIONAL STANDARD BOOK NUMBER | |
| International Standard Book Number | 9781449477912 |
| 040 ## - CATALOGING SOURCE | |
| Original cataloging agency | DWCL GS lib |
| Transcribing agency | OC |
| 082 ## - DEWEY DECIMAL CLASSIFICATION NUMBER | |
| Classification number | F S612 2016 |
| 100 ## - MAIN ENTRY--PERSONAL NAME | |
| Personal name | Simpson, Dana |
| 245 ## - TITLE STATEMENT | |
| Title | Razzle Dazzle Unicorn : |
| Remainder of title | Another Phoebe and Her Unicorn Adventure / |
| Statement of responsibility, etc. | Dana Simpson |
| 260 ## - PUBLICATION, DISTRIBUTION, ETC. | |
| Place of publication, distribution, etc. | Kansas City, Missouri |
| Name of publisher, distributor, etc. | Andrews McMeel Publishing |
| Date of publication, distribution, etc. | c2016. |
| 300 ## - PHYSICAL DESCRIPTION | |
| Extent | vii, 181 pages: |
| Other physical details | illustrations |
| Dimensions | 22cm. |
| 520 ## - SUMMARY, ETC. | |
| Summary, etc. | Razzle Dazzle Unicorn is the fourth volume in Dana Simpson's Phoebe and Her Unicorn series, following the adventures of Phoebe and her narcissistic unicorn BFF, Marigold Heavenly Nostrils. The graphic novel covers roughly eight months of school, summer camp, and magical mishaps, featuring "sparkle fever," jealous frenemies, and a disappearing room. |
| 546 ## - LANGUAGE NOTE | |
| Language note | English |
| 650 ## - SUBJECT ADDED ENTRY--TOPICAL TERM | |
| Topical term or geographic name entry element | Comics |
| 650 ## - SUBJECT ADDED ENTRY--TOPICAL TERM | |
| Topical term or geographic name entry element | Humor |
| 650 ## - SUBJECT ADDED ENTRY--TOPICAL TERM | |
| Topical term or geographic name entry element | Graphic Novel |
| 650 ## - SUBJECT ADDED ENTRY--TOPICAL TERM | |
| Topical term or geographic name entry element | Fantasy Fiction |
| 942 ## - ADDED ENTRY ELEMENTS (KOHA) | |
| Source of classification or shelving scheme | Dewey Decimal Classification |
| Koha item type | Fiction |
| Classification part | F S612 2016 |
| Suppress in OPAC | No |
| 952 ## - LOCATION AND ITEM INFORMATION (KOHA) | |
| -- | |
| Withdrawn status | Lost status | Source of classification or shelving scheme | Damaged status | Not for loan | Home library | Current library | Shelving location | Date acquired | Source of acquisition | Cost, normal purchase price | Total Checkouts | Full call number | Barcode | Date last seen | Copy number | Price effective from | Koha item type | Uniform Resource Identifier |
|---|---|---|---|---|---|---|---|---|---|---|---|---|---|---|---|---|---|---|
| Dewey Decimal Classification | Grade School Library | Grade School Library | Fiction | 02/02/2026 | School Fund, Donation | 199.00 | F S612 2016 | 23985 | 03/18/2026 | c1 | 03/18/2026 | FIC. |